Представление документа в формате RUSMARC

ПолеНазваниеЗначение
  Тип записи a
  Библиографический уровень c
001 Контрольный номер RU/SLIB/B/208762269
005 Дата корректировки 20210409151947.8
010 Индекс ISBN __
d Цена 2-00
101 Язык документа 0_
a Язык текста rus
200 Заглавие и сведения об ответственности 1_
a Заглавие Вишневый омут ; Карюха ; Хлеб - имя существительное
f Первые сведения об ответственности М. Н. Алексеев
b Общее обозначение материала Текст
210 Выходные данные 1_
a Место издания М.
c Издательство Совет. писатель
d Дата издания 1981
215 Физическое описание __
a Объем 496 с., [1] л. портр.
c Иллюстрации/тип воспроизводства ил.
327 Примечание о содержании 0_
a Примечание о содержании Карюха
327 Примечание о содержании 0_
a Примечание о содержании Хлеб - имя существительное
517 Другие варианты заглавия 1_
a Другие варианты заглавия Карюха
517 Другие варианты заглавия 1_
a Другие варианты заглавия Хлеб - имя существительное
606 Тематические рубрики __
a Основная рубрика Художественная литература
606 Тематические рубрики __
a Основная рубрика Русская литература XX в. (произведения)
610 Ключевые слова 0_
a Ключевые слова романы; повести; новеллы; проза
686 Индексы других классификаций __
a Классификационный индекс 84(2Рос=Рус)6-4
700 Автор _1
a Фамилия Алексеев
b Имя М. Н.
4 Код отношения 070
801 Источник записи _0
a Страна RU
b Организация Муниципальное бюджетное учреждение культуры "Централизованная библиотечная система" г. Сургут (Центральная городская библиотека им. А. С. Пушкина)
g Правила каталогизации КиК/Михайлова
801 Источник записи _1
a Страна RU
b Организация Муниципальное бюджетное учреждение культуры "Централизованная библиотечная система" г. Сургут (Центральная городская библиотека им. А. С. Пушкина)
g Правила каталогизации КиК/Михайлова
852 Данные о местонахождении __
j Шифр хранения 84(2Рос=Рус)6-4
i Авторский знак А 47
p Инвентарный номер 7061
901 Тип документа __
t Тип документа x
969 Тип издания __
a Тип издания сборник
990 Данные о заказе (DOS) __
j Количество экземпляров (DOS) 2
t N записи в КСУ для И/У (DOS) ретро